Statistics for Countries with the Longest Total Borders

Click here to take the quiz!

General Stats

  • This quiz has been taken 130,689 times
  • The average score is 15 of 20

Answer Stats

kmcountry% Correct
20,017Russia
99%
22,147China
99%
12,034United States
98%
8,893Canada
97%
14,691Brazil
96%
14,103India
93%
9,665Argentina
90%
6,171Chile
88%
12,012Kazakhstan
84%
8,220Mongolia
84%
10,730D.R. Congo
81%
6,774Pakistan
72%
6,470Algeria
71%
6,764Sudan
69%
5,968Chad
65%
7,243Mali
56%
6,004Colombia
52%
6,743Bolivia
50%
6,221Uzbekistan
48%
5,876Myanmar
35%

Score Distribution

Percentile by Number Answered

Percent of People with Each Score

Your Score History

You have not taken this quiz